Score 0/26 Timer 03:00
2 Plays Today
Clue 4-Letter Word % Correct
Stick used to aid walkingCANE
95.9%
Fairy godmother's propWAND
95.7%
Strong breezeWIND
95.5%
⚓ Captain ___ Sparrow ⚓JACK
94.2%
⚓ Peter Pan's archnemesis ⚓HOOK
93.2%
Material used for wine stoppersCORK
93.1%
Of Good Hope, Cod, or May, e.g.CAPE
92.9%
Instead of teeth, birds have thisBEAK
92.3%
Opposite of waxWANE
91.6%
Reverse sideBACK
90.8%
Someone who's just finished high schoolGRAD
90.4%
Part of a necklace or rosaryBEAD
90.2%
Pitt, Thor, or Goreski, e.g.BRAD
88.5%
Clue 4-Letter Word % Correct
Tender-heartedKIND
88.4%
Snatch or clutchGRAB
88.2%
A high school quarterback, e.g.JOCK
88.1%
⚓ New Zealand explorer ⚓COOK
87.3%
Glenn or Michael, e.g.BECK
87.1%
A cow or horse's ankleHOCK
85.2%
One from the Middle East or North AfricaARAB
85%
Social misfitDORK
84.6%
⚓ ___ Crunch cereal ⚓CAP'N
82.2%
⚓ 'Enterprising' young captain ⚓KIRK
80.1%
Muscular stiffness or sorenessKINK
79.2%
⚓ Central character in Moby-Dick ⚓AHAB
76.8%
Short dagger used by Scottish highlandersDIRK
76.2%

Today's Daily Dose

Remove Ads.
Support Sporcle.
Get the best of Sporcle when you Go Orange. This ad-free experience offers more features, more stats, and more fun while also helping to support Sporcle. Thank you for becoming a member.

You're not logged in!

Compare scores with friends on all Sporcle quizzes.
OR
Log In

Show Comments

Extras

Top Quizzes Today


Score Distribution

Your Account Isn't Verified!

In order to create a playlist on Sporcle, you need to verify the email address you used during registration. Go to your Sporcle Settings to finish the process.

Report this User

Report this user for behavior that violates our Community Guidelines.

Details: